000 00243nam a22000857a 4500
999 _c2495
_d2495
003 OSt
005 20171106102933.0
008 160716b xxu||||| |||| 00| 0 eng d
020 _a9780130585141
040 _cMATHS
100 _92930
_a Usiskin, Z., et al
245 _aGeomentry - Part - 2 Chapters 8 - 14
260 _aN.J
_bPrentice Hall
_c2002
942 _2ddc
_cREF